Udinese Calcio Squad 2021-2022 - Statistics

General Stats
  • This quiz has been taken 93 times
    72 since last reset
  • The average score is 17 of 32
Answer Stats
# Position Nation Player % Correct
10 FW Spain Gerard Deulofeu
96%
1 GK Italy Marco Silvestri
90%
9 FW Guinea-Bissau Beto
86%
50 DF Brazil Rodrigo Becão
82%
37 MF Argentina Roberto Pereyra
80%
17 DF Netherlands Bram Nuytinck
74%
16 DF Argentina Nahuel Molina
72%
2 DF Argentina Nehuén Pérez
70%
13 DF Italy Destiny Udogie
68%
5 MF Germany Tolgay Arslan
68%
30 FW North Macedonia Ilija Nestorovski
64%
14 FW Nigeria Isaac Success
62%
6 MF France Jean-Victor Makengo
62%
- Coach Italy Luca Gotti
58%
11 MF Brazil Walace
58%
19 DF Denmark Jens Stryger Larsen
56%
24 MF Germany Lazar Samardžić
56%
8 MF Bosnia and Herzegovina Mato Jajalo
56%
20 GK Italy Daniele Padelli
54%
23 FW Argentina Ignacio Pussetto
54%
3 DF Brazil Samir
50%
- Coach Italy Gabriele Cioffi
48%
22 DF Spain Pablo Marí
46%
4 DF Netherlands Marvin Zeegelaar
36%
87 DF France Sebastien De Maio
36%
93 DF France Brandon Soppy
34%
28 DF Croatia Filip Benković
22%
45 FW Italy Fernando Forestieri
20%
91 FW Poland Łukasz Teodorczyk
14%
31 GK Italy Manuel Gasparini
14%
25 MF Italy Marco Ballarini
10%
29 GK Italy Antonio Santurro
8%
No matching quizzes found
Score Distribution
Percent of People with Each Score
Percentile by Number Answered
Your Score History
You have not taken this quiz since the last reset